| 000 | 00514cam a22002171 4500 | ||
|---|---|---|---|
| 001 | sa 65004710 | ||
| 003 | DLC | ||
| 005 | 20260227112132.0 | ||
| 008 | 890628s1965 ii 000 1 hino | ||
| 010 | _asa 65004710 | ||
| 035 | _a(OCoLC)19943928 | ||
| 040 |
_aDLC _cWaU _dDLC |
||
| 042 | _apremarc | ||
| 050 | 0 | 0 |
_aPR6003.I774 _bS816 |
| 100 | 1 | _aBirla, L. N. | |
| 245 | 1 | 0 | _aSultāna aura nihālade. |
| 260 | _c[1965] | ||
| 300 |
_a14, 215 p. _billus. _c19 cm. |
||
| 500 | _aIn Hindi. | ||
| 500 | _aA novel. | ||
| 999 |
_c63908 _d63908 |
||